Statistics for Every City in Alabama

Click here to take the quiz!

General Stats

  • This quiz has been taken 4 times
  • The average score is 17 of 168

Answer Stats

CityPopulation% Correct
Birmingham212,297
100%
Montgomery199,783
100%
Auburn64,054
75%
Huntsville196,219
75%
Jackson4,781
75%
Mobile190,432
75%
Tuscaloosa99,390
75%
Decatur54,478
50%
Dothan67,894
50%
Gadsden35,486
50%
Hoover85,175
50%
Jacksonville12,651
50%
Madison49,327
50%
Phenix City36,516
50%
Selma18,276
50%
Talladega15,522
50%
Alabaster33,176
25%
Alexandria4,068
25%
Andalusia8,772
25%
Anniston21,688
25%
Arab8,293
25%
Athens25,922
25%
Bessemer26,680
25%
Clay9,888
25%
Cullman15,729
25%
Elba3,841
25%
Enterprise27,947
25%
Fayette4,364
25%
Florence40,309
25%
Gardendale14,016
25%
Greenville7,589
25%
Gulf Shores12,267
25%
Homewood25,534
25%
Irondale12,637
25%
Jasper13,649
25%
Moulton3,285
25%
Muscle Shoals14,103
25%
Opelika30,232
25%
Pelham23,428
25%
Pell City13,781
25%
Troy19,112
25%
Trussville21,876
25%
Valley9,286
25%
Vestavia Hills34,307
25%
Adamsville4,340
0%
Albertville21,541
0%
Alexander CIty14,508
0%
Argo4,220
0%
Atmore9,495
0%
Attalla5,836
0%
Bay Minette9,169
0%
Boaz9,277
0%
Brent4,803
0%
Brewton5,240
0%
Brook Highland7,417
0%
Calera13,856
0%
Center Point16,353
0%
Centre3,525
0%
Chelsea13,098
0%
Chickasaw5,817
0%
Childersburg4,908
0%
Choccolocco3,011
0%
Citronelle3,893
0%
Clanton8,700
0%
Columbiana4,481
0%
Cottondale3,136
0%
Dadeville3,098
0%
Daleville5,123
0%
Daphne25,901
0%
Demopolis6,807
0%
Emerald Mountain3,472
0%
Eufaula12,065
0%
Evergreen3,646
0%
Fairfield10,720
0%
Fairhope21,083
0%
Foley18,533
0%
Forestdale8,924
0%
Fort Payne14,115
0%
Fort Rucker5,311
0%
Fultondale9,179
0%
Geneva4,340
0%
Glencoe5,077
0%
Grand Bay3,897
0%
Grayson Valley6,209
0%
Greensboro3,149
0%
Guntersville8,468
0%
Haleyville4,159
0%
Hamilton6,682
0%
Hanceville3,377
0%
Hartselle14,428
0%
Harvest5,819
0%
Hazel Green3,901
0%
Headland4,665
0%
Heflin3,437
0%
Helena18,463
0%
Highland Lakes5,519
0%
Hokes Bluff4,286
0%
Holt3,952
0%
Holtville4,449
0%
Hueytown15,540
0%
Kimberly3,444
0%
Ladonia3,391
0%
Lanett6,271
0%
Leeds12,600
0%
Lincoln6,681
0%
Livingston3,356
0%
Margaret4,819
0%
Marion3,275
0%
Meadowbrook9,468
0%
Meridianville7,087
0%
Midfield5,085
0%
Millbrook15,645
0%
Monroeville5,898
0%
Montevallo6,693
0%
Moody12,840
0%
Moores Mill6,882
0%
Moundville3,017
0%
Mountain Brook20,436
0%
Mount Olive4,387
0%
Northport25,874
0%
Odenville3,848
0%
Oneonta6,568
0%
Opp6,455
0%
Orange Beach6,019
0%
Oxford21,323
0%
Ozark14,413
0%
Piedmont4,611
0%
Pike Road9,320
0%
Pine Level4,484
0%
Pinson7,109
0%
Pleasant Grove9,651
0%
Prattville35,925
0%
Priceville3,475
0%
Prichard21,773
0%
Rainbow City9,589
0%
Rainsville5,041
0%
Red Bay3,114
0%
Redland4,388
0%
Riverside3,042
0%
Roanoke5,926
0%
Robertsdale6,473
0%
Russellville9,781
0%
Saks10,645
0%
Saraland14,391
0%
Satsuma6,159
0%
Scottsboro14,536
0%
Semmes5,284
0%
Sheffield8,986
0%
Smiths Station5,364
0%
Southside8,811
0%
Spanish Fort8,601
0%
Springville4,257
0%
Sylacauga12,226
0%
Tallassee4,743
0%
Tarrant6,174
0%
Theodore6,334
0%
Thomasville3,928
0%
Tillmans Corner17,560
0%
Tuscumbia8,444
0%
Tuskegee8,486
0%
Underwood-Petersville3,170
0%
Union Springs3,514
0%
Valley Grande3,708
0%
Warrior3,214
0%
Weaver3,077
0%
West End-Cobb Town3,274
0%
Wetumpka8,243
0%
Winfield4,539
0%

Score Distribution

Percentile by Number Answered

Percent of People with Each Score

Your Score History

You have not taken this quiz